Gieo suy nghĩ, gặt thành công : Tự tạo phép màu cho thành công của bạn = You can work your own miracles
Trong quyển sách này, tác giả sẽ giúp cho bạn nhận thấy rằng bằng cách chinh phục được những điều giản đơn nhỏ bé, bạn sẽ chinh phục được nhiều điều vĩ đại hơn trong cuộc đời. Mọi nghịch cảnh, mọi khó khăn, mọi thất bại đều mang trong mình...
Đã lưu trong:
| 主要作者: | |
|---|---|
| 格式: | 图书 |
| 语言: | Undetermined |
| 出版: |
Hà Nội
Hồng Đức
2019
|
| 主题: | |
| 标签: |
添加标签
没有标签, 成为第一个标记此记录!
|
| Thư viện lưu trữ: | Trung tâm Học liệu Trường Đại học Cần Thơ |
|---|
| LEADER | 01089nam a2200217Ia 4500 | ||
|---|---|---|---|
| 001 | CTU_238755 | ||
| 008 | 210402s9999 xx 000 0 und d | ||
| 020 | |c 116000 | ||
| 082 | |a 131 | ||
| 082 | |b H645 | ||
| 100 | |a Hill, Napoleon | ||
| 245 | 0 | |a Gieo suy nghĩ, gặt thành công : | |
| 245 | 0 | |b Tự tạo phép màu cho thành công của bạn = You can work your own miracles | |
| 245 | 0 | |c Napoleon Hill ; Phúc Lâm (dịch) | |
| 260 | |a Hà Nội | ||
| 260 | |b Hồng Đức | ||
| 260 | |c 2019 | ||
| 520 | |a Trong quyển sách này, tác giả sẽ giúp cho bạn nhận thấy rằng bằng cách chinh phục được những điều giản đơn nhỏ bé, bạn sẽ chinh phục được nhiều điều vĩ đại hơn trong cuộc đời. Mọi nghịch cảnh, mọi khó khăn, mọi thất bại đều mang trong mình hạt mầm của một lợi ích tương xứng. | ||
| 650 | |a Success,Thành công | ||
| 904 | |i Hải | ||
| 980 | |a Trung tâm Học liệu Trường Đại học Cần Thơ | ||